000 00282nam a2200121Ia 4500
005 20260328104247.0
008 260328s9999||||xx |||||||||||||| ||und||
100 _aEscala
245 0 _aCuadernos de Arquitecturas /
_cEscala
260 _bEscala
650 _aURBANISMO
942 _cBK
999 _c10109
_d10109